• 首页
  • 本馆介绍
  • 公告通知
  • 最新文献
  • 馆藏检索
  • 电子资源
  • 读者导购
  • 参考咨询
  • 我的图书馆
  • 登录
  • 详细信息显示
  • 放入我的书架
  • 预约/预借图书
  • 作者相关作品
  • 分类相关作品
  • 丛书相关作品
  • 出版社相关作品

书目信息

  • 表格格式
  • 工作单格式
  • 卡片格式
题名:
文化景观在美丽乡村规划中的应用研究
    
 
作者: 严少君 著
分册:  
出版信息: 北京   中国林业出版社  2020.11
页数: 185页
开本: 26cm
丛书名:
单 册:
中图分类: TU982.29
科图分类:
主题词: 人文景观--应用--乡村规划--研究--中国
电子资源:
ISBN: 978-7-5219-0742-1
000 01256nam0 2200265 45
001 012001001675
005 20141011091221.0
010    @a978-7-5219-0742-1@dCNY98.00
100    @a20210416d2020 em y0chiy0110 ea
101 0  @achi
102    @aCN@b110000
105    @aab z 000yy
106    @ar
200 1  @a文化景观在美丽乡村规划中的应用研究@Awen hua jing guan zai mei li xiang cun gui hua zhong de ying yong yan jiu@f严少君著
210    @a北京@c中国林业出版社@d2020.11
215    @a185页@c彩图,彩照,地图@d26cm
300    @a并列题名:Research on the application of cultural landscape in beautiful countryside planning
312    @a封面英文题名:Research on the application of cultural landscape in beautiful countryside planning
330    @a本书针对乡村文化景观的开发应用及保护中所遇到的多元化文化存在性、文化消失及留存等问题与困难,展开了深入讨论。全书以作者多年的项目实践与理论研究,以及对文化景观应用于美丽乡村诸多实践为基础,总结其中的观点与方法。
510 1  @aResearch on the application of cultural landscape in beautiful countryside planning@zeng
606 0  @a人文景观@x应用@x乡村规划@x研究@y中国
690    @aTU982.29@v5
701  0 @a严少君@Ayan shao jun@4著
801    @aCN@b江苏凤凰@c20211018
905    @b1345276-8@dTU982.29@e2095@f3
    
    文化景观在美丽乡村规划中的应用研究/严少君著.-北京:中国林业出版社,2020.11
    185页:彩图,彩照,地图;26cm
    并列题名:Research on the application of cultural landscape in beautiful countryside planning
    
    ISBN 978-7-5219-0742-1:CNY98.00
    本书针对乡村文化景观的开发应用及保护中所遇到的多元化文化存在性、文化消失及留存等问题与困难,展开了深入讨论。全书以作者多年的项目实践与理论研究,以及对文化景观应用于美丽乡村诸多实践为基础,总结其中的观点与方法。
●
相关链接 在E读中查询图书 在五车中查询图书 在当当中查询图书 在豆瓣中查询图书


正题名:文化景观在美丽乡村规划中的应用研究     索取号:TU982.29/2095         预约/预借

序号 登录号 条形码 馆藏地/架位号 状态 备注
1 1345276   213452761   第二样本阅览室/ [索取号:TU982.29/2095] 在馆    
2 1345277   213452770   第三借阅区/ [索取号:TU982.29/2095] 在馆    
3 1345278   213452789   第三借阅区/ [索取号:TU982.29/2095] 在馆    
唐山师范学院图书馆 欢迎您!
大连网信软件有限公司© 版权所有